Statistics for Every The Animals song that hit the Billboard hot 100

Click here to take the quiz!

General Stats

  • This quiz has been taken 11 times
  • The average score is 6 of 11

Answer Stats

Peak Chart PositionYearSong% Correct
11964House Of The Rising Sun
100%
131965We Gotta Get Out Of This Place
91%
191965Don't Let Me Be Misunderstood
82%
231966It's My Life
73%
191964I'm Crying
64%
431965Boom Boom
45%
121966Don't Bring Me Down
36%
321965Bring It On Home To Me
27%
571964Gonna Send You Back To Walker (Gonna Send You Back To Georgia)
18%
341966Inside-Looking Out
9%
481983The Night
9%

Score Distribution

Percentile by Number Answered

Percent of People with Each Score

Your Score History

You have not taken this quiz